000 00726nam a2200241Ia 4500
003 OSt
005 20220926033434.0
006 a|||||r|||| 00| 0
007 ta
008 220923b |||||||| |||| 00| 0 eng d
020 _a9781118725887
_c10939.5
037 _bBBS/27, 05/11/2015, Better Book Service
_cGeneral Book
040 _aRTL
_cRTL
_beng
041 _2eng
_aeng
082 _aU5, Q5
100 _aAGNEW John
_9146431
245 0 _aWiley blackwell companion to political geography
260 _aUK
_bWiley Blackwell
_c2015
300 _axiv, 547p
_ccm.
650 _aGeography
942 _hU5, Q5
_cGB
_2CC
999 _c656886
_d656886